000
00280nam a22001097a 4500
082
_a
CP43
100
_a
Razia Sharif
_9
48548
245
_a
Entrepreneurship
_b
MGT-271 Course Pack
260
_a
Risalpur,
_b
MCE,
_c
2018.
526
_a
0
_b
0
_c
0
_d
CP_000000000000000_43
942
_2
ddc
_c
BKB
999
_c
553669
_d
553669